Do vojny sankcií Putin nasadil buldozéry, drviče a oheň

Hospodárska vojna Putinovho Ruska so Západom sprevádzaná psychologickou vojnou. Ničenie neoznačených a nelegálne dovezených potravín. Zákaz dovozu potravín z USA, Kanady, EÚ a niekoľkých ďalších krajín. Názor Rusov na likvidáciu potravín. Príležitosť na reštrukturalizáciu ruského potravinárskeho pri...

Description complète

Enregistré dans:
Détails bibliographiques
Auteur principal: Pressburg, Adrian Peter
Format: Chapitre de livre
Langue:slovaque
Sujets:
Tags: Ajouter un tag
Pas de tags, Soyez le premier à ajouter un tag!

MARC

LEADER 00000naa a2200000 4500
001 0206104
005 20231113104046.4
041 0 |a slo 
044 |a SK 
245 1 0 |a Do vojny sankcií Putin nasadil buldozéry, drviče a oheň  |c Adrian Peter Pressburg 
520 |a Hospodárska vojna Putinovho Ruska so Západom sprevádzaná psychologickou vojnou. Ničenie neoznačených a nelegálne dovezených potravín. Zákaz dovozu potravín z USA, Kanady, EÚ a niekoľkých ďalších krajín. Názor Rusov na likvidáciu potravín. Príležitosť na reštrukturalizáciu ruského potravinárskeho priemyslu. Tichý reimport potravín. 
610 2 0 |a sankcie 
610 2 0 |a potraviny 
610 2 0 |a dovoz 
610 2 0 |a politika zahraničná 
610 2 0 |a politika medzinárodná 
610 2 0 |a Rusko 
610 2 0 |a Európska únia 
610 2 0 |a USA 
100 1 |a Pressburg, Adrian Peter